Structured computer organization

Bibliographic Details
Main Authors: Tanenbaum, Andrew S. , 1944- (Author), Goodman, James R. (Author)
Format: Book
Published: New Jersey : Prentice Hall International , c1999
Edition:4th ed
Subjects:

MARC

LEADER 00000cam a2200000 7i4500
001 0000002496
005 20190403093000.0
008 021118s1999
020 |a 0130204358 (pbk.) 
090 0 0 |a QA76.6   |b .T38 1999 
100 0 |a Tanenbaum, Andrew S. ,   |d 1944- ,   |e author 
245 1 0 |a Structured computer organization   |c Andrew S. Tanenbaum   |f with contributions from James R. Goodman 
250 |a 4th ed 
260 2 |a New Jersey :   |b Prentice Hall International ,   |c c1999 
300 |a xviii, 669 p. :   |b ill. ;   |c 25 cm. 
504 |a Includes index 
650 0 |a Computer organization 
650 0 |a Computer programming 
700 1 |a Goodman, James R. ,   |e author 
999 |a 1000105297   |b Book   |c Close Access   |e Tembila Campus